000 00302nam a2200121Ia 4500
008 220204s9999 xx 000 0 und d
082 _a803
_bROS
100 _aRoseler, R O
245 0 _aGerman in review:A concise of grammar
250 _aEd.4
260 _aNew York
_bHolt Rinehart
_c1967
942 _cBK
999 _c28146
_d28146